[Event "New York op"]
[Site "New York"]
[Date "1991.??.??"]
[Round "3"]
[White "Ivanov, Igor V"]
[Black "Olafsson, Helgi"]
[Result "1/2-1/2"]
[WhiteElo "2450"]
[BlackElo "2590"]

1.c4 c5 2.Nf3 Nc6 3.Nc3 Nf6 4.g3 g6 5.Bg2 Bg7 6.O-O O-O 7.d4 cxd4 8.Nxd4 Ng4
9.e3 d6 10.b3 Nxd4 11.exd4 Nh6 12.Bb2 Nf5 13.d5 Bd7 14.Re1 b5 15.cxb5 Rc8
16.Rc1 Qa5 17.Qd3 Rc5 18.a3 Bxb5 19.Qd2 Bh6 20.f4 Qb6 21.Kh1 Bg7 22.b4 Rc7
23.Nxb5 Rxc1 24.Rxc1 Bxb2 25.Qxb2 Qxb5 26.Qd2 h5 27.Be4 e6 28.dxe6 fxe6 29.Kg2 d5
30.Bxf5 Rxf5 31.Rc5 Qa6 32.Qc2 Kg7 33.Qc3+ e5 34.b5 Qa4 35.Rxd5 Qe4+ 36.Qf3 Qc2+
37.Kh3 e4 38.Rd7+ Kh6 39.Qe3 Qc8 40.Rd2 Rxb5+ 41.Kg2 Qc5 42.Qxe4 Qxa3 43.Qe8 Qc3
44.Kh3 Rb6 45.Rd7 Qf6 46.Rf7 Qe6+ 47.Qxe6 Rxe6 48.Rxa7 Re2 49.Ra6 Rf2 50.Rb6 Kh7
51.Kh4 Rxh2+ 52.Kg5 Rg2 53.Rb7+ Kg8 54.Kh6 Rxg3 55.Rg7+ Kf8 56.f5 h4 57.fxg6 Rh3
58.Rf7+ Kg8 59.Ra7 Rf3  1/2-1/2

[Event "New York op"]
[Site "New York"]
[Date "1991.??.??"]
[Round "5"]
[White "Ivanov, Igor V"]
[Black "Anderson, Renard"]
[Result "1/2-1/2"]
[WhiteElo "2450"]
[BlackElo "2245"]

1.c4 g6 2.Nc3 Bg7 3.d4 Nf6 4.e4 d6 5.Be2 O-O 6.Nf3 e5 7.d5 a5 8.Bg5 h6 9.Bh4 Na6
10.O-O Qe8 11.Ne1 Nc5 12.Qc2 Nfxe4 13.Nxe4 Nxe4 14.Qxe4 f5 15.Qc2 g5 16.Bg3 f4
17.Bd3 fxg3 18.hxg3 g4 19.Bh7+ Kh8 20.Be4 b6 21.Nd3 Qh5 22.b3 Bf5 23.Rae1 Qg5
24.a3 h5 25.Bxf5 Qxf5 26.Qe2 Bh6 27.f4 gxf3 28.Rxf3 Qg6 29.Qe4 Kh7 30.Nf2 Rxf3
31.gxf3 Bd2 32.Rd1 Qxe4 33.Nxe4 Be3+ 34.Kg2 a4 35.b4 Kg6 36.Nc3 Rh8 37.Nb5 Rh7
38.Re1 Bg5 39.Re4 h4 40.gxh4 Bf4 41.c5 Rxh4 42.Nxc7 bxc5 43.bxc5 dxc5 44.Rxa4 Rh2+
45.Kf1 Rc2 46.d6 c4 47.Ne6 Rc1+  1/2-1/2

[Event "New York op"]
[Site "New York"]
[Date "1991.??.??"]
[Round "6"]
[White "Blumenfeld, Rudy"]
[Black "Ivanov, Igor V"]
[Result "0-1"]
[WhiteElo "2380"]
[BlackElo "2450"]

1.e4 c5 2.Nf3 d6 3.d4 cxd4 4.Nxd4 Nf6 5.Nc3 Nc6 6.Bg5 e6 7.Qd2 a6 8.O-O-O h6
9.Be3 Be7 10.f4 Ng4 11.Nxc6 bxc6 12.Bg1 Rb8 13.e5 dxe5 14.Qxd8+ Bxd8 15.h3 Nf6
16.fxe5 Nd7 17.Bh2 Bc7 18.Re1 O-O 19.g4 c5 20.Bg2 Bb7 21.Bxb7 Rxb7 22.Re2 Rfb8
23.b3 Rb4 24.Na4 c4 25.Rd1 Rxa4 26.bxa4 Nc5 27.Bg1 Nxa4 28.Bd4 Bd8 29.Be3 Nc3
30.Rde1 Ba5  0-1

[Event "New York op"]
[Site "New York"]
[Date "1991.??.??"]
[Round "7"]
[White "Ivanov, Igor V"]
[Black "Alburt, Lev O"]
[Result "1-0"]
[WhiteElo "2450"]
[BlackElo "2555"]

1.c4 g6 2.Nc3 Bg7 3.d4 d6 4.g3 Nc6 5.Nf3 Bg4 6.d5 Bxf3 7.exf3 Nd4 8.Bg2 c5
9.dxc6 bxc6 10.f4 Rb8 11.O-O Qd7 12.Rb1 Nh6 13.b4 Nhf5 14.a4 h5 15.b5 O-O
16.Bb2 cxb5 17.cxb5 e6 18.h3 Rfc8 19.Re1 Qc7 20.g4 hxg4 21.hxg4 Nh4 22.Nd5 exd5
23.Bxd4 Bxd4 24.Qxd4 Qd7 25.Rb3 Qxg4 26.Rg3 Nf5 27.Rxg4 Nxd4 28.Bxd5 Kf8
29.Rh4 Nf5 30.Rh7 Kg8 31.Rxf7 Kh8 32.Rxa7 Rc5 33.Rd1 Rc3 34.Rb1 Nd4 35.Kg2  1-0

[Event "New York op"]
[Site "New York"]
[Date "1991.??.??"]
[Round "8"]
[White "Epishin, Vladimir"]
[Black "Ivanov, Igor V"]
[Result "1-0"]
[WhiteElo "2620"]
[BlackElo "2450"]

1.d4 Nf6 2.c4 e6 3.Nf3 d5 4.Nc3 Nbd7 5.Bg5 h6 6.Bh4 dxc4 7.e3 a6 8.Bxc4 b5
9.Bd3 c5 10.a4 cxd4 11.exd4 bxa4 12.Qxa4 Rb8 13.O-O Be7 14.Qc2 O-O 15.Bxa6 Qb6
16.Bb5 Bb4 17.Bg3 Bd6 18.Na4 Qxb5 19.Bxd6 Bb7 20.Bxb8 Rxb8 21.Ra3 Qh5 22.Qc7 Qb5
23.Nc5 Bd5 24.Ra7 Bxf3 25.gxf3 Qe2 26.Nxd7 Nxd7 27.Qxd7 Qxf3 28.Ra3 Qf5 29.Rg3 Rxb2
30.d5  1-0

[Event "Reno op"]
[Site "Reno"]
[Date "1991.??.??"]
[Round "?"]
[White "Ivanov, Igor V"]
[Black "Remlinger, Larry"]
[Result "1-0"]
[WhiteElo "2450"]
[BlackElo "2365"]

1.d4 Nf6 2.c4 g6 3.g3 Bg7 4.Bg2 O-O 5.Nc3 d6 6.Nf3 Nc6 7.O-O Bf5 8.Nh4 Bd7
9.h3 Ne8 10.d5 Na5 11.Qd3 c5 12.Bd2 a6 13.Rab1 b5 14.b3 Rb8 15.Ne4 Nf6 16.Nxf6+ Bxf6
17.Bc3 Bxc3 18.Qxc3 Qc7 19.Rfc1 bxc4 20.bxc4 Rb4 21.Rxb4 cxb4 22.Qxb4 Rb8
23.Qc3 Rc8 24.Qe3 Qd8 25.c5 dxc5 26.Rxc5 Nc4 27.Rxc8 Bxc8 28.Qc5 Nd6 29.Nf3 Nb7
30.Qc3 Bd7 31.Ne5 Be8 32.e4 f6 33.Nc6 Qc7 34.Bf1 Nd6 35.Bd3 Qb7 36.a4 Bxc6
37.dxc6 Qc7 38.a5 Kf8 39.Qc5 Ke8 40.h4 Kd8 41.Kg2 h6 42.Bxa6 Nxe4 43.Qd5+ Nd6
44.Bb7 Qb8 45.Qe6  1-0

[Event "Reno op"]
[Site "Reno"]
[Date "1991.??.??"]
[Round "?"]
[White "Ivanov, Igor V"]
[Black "Rowley, Robert"]
[Result "1/2-1/2"]
[WhiteElo "2450"]
[BlackElo "2375"]

1.d4 Nf6 2.c4 e6 3.Nf3 b6 4.g3 Bb7 5.Bg2 Bb4+ 6.Bd2 Qe7 7.O-O Bxd2 8.Qxd2 d6
9.Qc2 Nbd7 10.Nc3 c5 11.d5 e5 12.Nh4 g6 13.Qd2 Nh5 14.Bh3 O-O 15.Qh6 Ndf6
16.e3 Bc8 17.Bxc8 Raxc8 18.Nf3 Ng7 19.Qh3 Nfh5 20.g4 Nf6 21.Kh1 Qd7 22.Ng5 Qxg4
23.Qxg4 Nxg4 24.Nge4 Rcd8 25.h3 Nh6 26.Nb5 f5 27.Ng5 Rd7 28.a4 a5 29.Ra3 Re8
30.Rg1 Nf7 31.h4 Nxg5 32.hxg5 Kf7 33.Rg2 h6 34.gxh6 Rh8 35.Rh2 Nh5 36.e4 f4
37.Rah3 Rxh6 38.Kg2 Rh7 39.f3 Kg7 40.Nc3 Nf6 41.Rxh7+ Nxh7 42.Nd1 Nf6 43.Nf2 Rf7
44.Rh3 g5 45.Ng4 Nxg4 46.fxg4 f3+ 47.Rxf3 Rf4 48.Rxf4 gxf4 49.Kh3 Kh6 50.Kh4 Kg6
51.b3 f3 52.Kg3 Kg5 53.Kxf3 Kh4 54.g5 Kxg5 55.Kg3 Kh5  1/2-1/2

[Event "Werfen op"]
[Site "Werfen"]
[Date "1991.??.??"]
[Round "1"]
[White "Edinger, R."]
[Black "Ivanov, Igor V"]
[Result "0-1"]
[WhiteElo "2015"]
[BlackElo "2450"]

1.d4 Nf6 2.Nf3 g6 3.Bg5 Bg7 4.Nbd2 c5 5.e3 cxd4 6.exd4 d5 7.Bd3 Qb6 8.Rb1 Nc6
9.c3 Bf5 10.Bxf5 gxf5 11.Bxf6 Bxf6 12.O-O e6 13.Nb3 Qc7 14.Nc5 b6 15.Nd3 Rg8
16.Qe2 Rg4 17.Nde5 Bxe5 18.Nxe5 Nxe5 19.dxe5 Re4 20.Qb5+ Ke7 21.f4 Rc8 22.Qd3 Qc5+
23.Kh1 Qe3 24.Qxe3 Rxe3 25.Rfe1 Rxe1+ 26.Rxe1 d4 27.cxd4 Rc2 28.Rb1 Kd7 29.h3 h5
30.h4 Kc6 31.Kh2 Kd5 32.Kg3 b5 33.Kf3 a5 34.Ke3 b4 35.g3 a4 36.a3 b3 37.Kd3 Rg2
38.Kc3 Ke4 39.Kb4 Kd3 40.Kxa4 Kc2 41.Re1 Rd2 42.Kb5 Kxb2 43.a4 Kc2  0-1

[Event "Werfen op"]
[Site "Werfen"]
[Date "1991.??.??"]
[Round "2"]
[White "Ivanov, Igor V"]
[Black "Brandl, Rudolf"]
[Result "1-0"]
[WhiteElo "2450"]
[BlackElo "2240"]

1.d4 e6 2.Nf3 d5 3.c4 c6 4.e3 f5 5.g3 Nf6 6.b3 Bd6 7.Bg2 O-O 8.O-O Qe7 9.Nc3 Bd7
10.Bb2 Be8 11.Ne5 Nbd7 12.Ne2 g5 13.f3 g4 14.Nf4 gxf3 15.Bxf3 Kh8 16.Rc1 Rg8
17.Rc2 Nf8 18.Rg2 Ng6 19.Nfd3 Nd7 20.h4 Bc7 21.Nxd7 Bxd7 22.h5 Nf8 23.g4 fxg4
24.Bxg4 h6 25.e4 Nh7 26.Qe2 Nf6 27.exd5 Nxg4 28.dxe6 Bh2+ 29.Kh1 Qh4 30.d5+ Be5+
31.Rh2 Qxh2+ 32.Qxh2 Nxh2 33.Bxe5+ Rg7 34.Rf7  1-0

[Event "Werfen op"]
[Site "Werfen"]
[Date "1991.??.??"]
[Round "3"]
[White "Gazarek, Danko"]
[Black "Ivanov, Igor V"]
[Result "0-1"]
[WhiteElo "2300"]
[BlackElo "2450"]

1.d4 Nf6 2.Nf3 b6 3.c4 e6 4.g3 Ba6 5.b3 Bb4+ 6.Bd2 Be7 7.Bg2 d5 8.Ne5 c6
9.Bc3 Ne4 10.cxd5 cxd5 11.O-O Nd7 12.Bxe4 Nxe5 13.Bc2 Ng4 14.Bd3 Qc8 15.e3 Nf6
16.Qe2 Bxd3 17.Qxd3 O-O 18.Bb2 Ne4 19.Nd2 Qb7 20.Rac1 Rac8 21.Rxc8 Rxc8 22.Rc1 Rxc1+
23.Bxc1 Qc6 24.Bb2 Bb4 25.Nxe4 dxe4 26.Qc4 Qxc4 27.bxc4 Kf8 28.g4 Ke7 29.f3 f5
30.gxf5 exf5 31.Kf2 g5 32.fxe4 fxe4 33.h3 Ke6 34.a3 Bd6 35.a4 Kf5 36.Bc3 h5
37.a5 bxa5 38.Bxa5 Ke6 39.Bc3 Kd7 40.d5 Be7 41.Ba5 Bd8 42.Bc3 a5 43.c5 Bc7
44.Ke2 a4 45.Bb4 Be5 46.Ba3 Bc3 47.Kf2 Kc7 48.Ke2 Kb7 49.Kf2 Ka6 50.Ke2 Kb5
51.Kf2 Be5 52.d6 Kc6 53.Kg2 h4 54.Kf2 Bc3 55.Kg2 Bd2 56.Kf2 g4 57.hxg4 Bxe3+  0-1

[Event "Werfen op"]
[Site "Werfen"]
[Date "1991.??.??"]
[Round "4"]
[White "Ivanov, Igor V"]
[Black "Afek, Yochanan"]
[Result "1-0"]
[WhiteElo "2450"]
[BlackElo "2325"]

1.c4 Nf6 2.d4 g6 3.Nc3 Bg7 4.e4 O-O 5.Nf3 c5 6.Be2 cxd4 7.Nxd4 Nc6 8.Be3 d6
9.O-O Bd7 10.Qd2 Nxd4 11.Bxd4 a5 12.Rfe1 a4 13.b4 axb3 14.axb3 Bc6 15.f3 Nd7
16.b4 Bxd4+ 17.Qxd4 Qb6 18.Qxb6 Nxb6 19.e5 Na4 20.Nxa4 Bxa4 21.exd6 exd6
22.Bf1 Bb3 23.Rab1 Ba4 24.Rb2 Rfe8 25.Ra1 Bd7 26.Rd1 Bf5 27.g4 Bd7 28.Rxd6 Bc6
29.Kf2 Ra1 30.Bg2 Ba4 31.b5 Rc1 32.Rd4 g5 33.f4 gxf4 34.Rxf4 Re7 35.c5 Rc2+
36.Rxc2 Bxc2 37.b6 Bd3 38.Ra4 Bb5 39.Ra5 Bd3 40.Ra7 Re2+ 41.Kg3 Rc2 42.Ra5  1-0

[Event "Werfen op"]
[Site "Werfen"]
[Date "1991.??.??"]
[Round "5"]
[White "Dokhoian, Yury"]
[Black "Ivanov, Igor V"]
[Result "0-1"]
[WhiteElo "2545"]
[BlackElo "2450"]

1.Nf3 Nf6 2.c4 g6 3.Nc3 Bg7 4.e4 d6 5.d4 O-O 6.Be2 Bg4 7.Be3 Nc6 8.d5 Bxf3
9.Bxf3 Ne5 10.Be2 c6 11.O-O Qa5 12.f4 Ned7 13.a3 Rfc8 14.b4 Qd8 15.Qb3 a5
16.Rac1 axb4 17.axb4 c5 18.e5 dxe5 19.fxe5 Nxe5 20.Bxc5 Bh6 21.Bd4 Neg4 22.Nb5 Bxc1
23.Rxc1 Nh6 24.Bxf6 exf6 25.c5 f5 26.d6 Qg5 27.Rd1 Re8 28.Bf3 Ng4 29.Bxg4 Qxg4
30.h3 Qh4 31.Kh2 f4 32.Qf3 Re3 33.Qg4 Qg3+ 34.Kg1 Rd3 35.Rf1 Ra2 36.Qxg3 fxg3
37.Kh1 Rb2 38.Nc7 Rxb4 39.Ne8 Rf4 40.Rb1  0-1

[Event "Werfen op"]
[Site "Werfen"]
[Date "1991.??.??"]
[Round "6"]
[White "Kranzl, Peter"]
[Black "Ivanov, Igor V"]
[Result "0-1"]
[WhiteElo "2310"]
[BlackElo "2450"]

1.e4 c5 2.c3 e6 3.d4 d5 4.exd5 exd5 5.Nf3 Nf6 6.Bb5+ Bd7 7.Bxd7+ Nbxd7 8.O-O Be7
9.dxc5 Nxc5 10.Nd4 Qd7 11.Qf3 O-O 12.Nd2 Rfe8 13.N2b3 Na4 14.h3 g6 15.Rd1 Rad8
16.Nc2 Qe6 17.Re1 Ne4 18.Rb1 Nb6 19.Nbd4 Qf6 20.Bf4 Nc4 21.Red1 Bc5 22.Bc7 Rd7
23.Qxf6 Nxf6 24.Bf4 Ne4 25.Rd3 f6 26.Be3 Bb6 27.Nf3 Bc7 28.Bd4 Kf7 29.Ne3 Re6
30.Nxc4 dxc4 31.Re3 Bf4 32.Re2 b6 33.g3 Bh6 34.Kg2 Nc5 35.Rxe6 Nxe6 36.Re1 Rd5
37.b3 Nxd4 38.cxd4 cxb3 39.axb3 Rb5 40.Rb1 a5 41.Ne1 Ke6 42.Nc2 Kd7 43.Kf3 Rh5
44.h4 Rd5 45.Ke4 Rd6 46.Kd3 b5 47.Ra1 Ra6 48.Nb4 Ra7 49.Nd5 f5 50.Re1 Bf8
51.Ra1 Kc6 52.Nc3 Bb4 53.Na2 Bd6 54.Nc3 Bb4 55.Na2 Ba3 56.Nc3 Bb2 57.Re1 Bxc3
58.Kxc3 a4 59.Re6+ Kd7 60.Re2 Kd6 61.Kb4 Kd5 62.bxa4 bxa4 63.Ka3 Kxd4 64.Re6 Kd5
65.Re2 Ra6 66.Re7 h5 67.Re2 f4 68.Re8 Rf6  0-1

[Event "Werfen op"]
[Site "Werfen"]
[Date "1991.??.??"]
[Round "7"]
[White "Ivanov, Igor V"]
[Black "Uhlmann, Wolfgang"]
[Result "1/2-1/2"]
[WhiteElo "2450"]
[BlackElo "2500"]

1.d4 Nf6 2.c4 g6 3.Nc3 Bg7 4.e4 d6 5.Be2 O-O 6.Nf3 e5 7.d5 c5 8.h4 Nbd7 9.Nd2 h5
10.a3 Nh7 11.Nf3 Re8 12.Ng5 Ndf8 13.g3 Bd7 14.b4 Nxg5 15.Bxg5 f6 16.Be3 f5
17.bxc5 Qa5 18.Qb3 f4 19.Bd2 Qxc5 20.Qb4 Qc7 21.Rc1 Bh6 22.Nb5 Bxb5 23.cxb5 Qb6
24.g4 hxg4 25.Bxg4 Re7 26.a4 a5 27.bxa6 Qxa6 28.a5 f3 29.Bxf3 Bxd2+ 30.Qxd2 Qxa5
31.Qxa5 Rxa5 32.h5 gxh5 33.Bxh5 Rg7 34.Kf1 Ra8 35.f3 Ng6 36.Bg4 Nf4 37.Rh6 Rg6
38.Rxg6+ Nxg6 39.Rb1 Kf7 40.Bh5 Kf6 41.Bxg6 Kxg6 42.Rxb7 Rf8 43.Kf2 Rf6 44.Ke3 Kh6
45.Rd7 Kg6 46.f4 exf4+ 47.Kf3 Kh6 48.Rb7 Kg6 49.Ra7 Rf8 50.Ra6 Rf6 51.Ra2 Kf7
52.Rh2 Ke7 53.Rh3 Rf7 54.Rh6 Kd7 55.Rh5 Ke7 56.Rg5 Rf6 57.Rf5 Rh6 58.Kxf4 Rh1
59.Rg5 Rf1+ 60.Ke3 Re1+ 61.Kf3 Rf1+ 62.Ke2 Rf4 63.Ke3 Rf1 64.Rg7+ Ke8 65.Ra7 Kd8
66.Rh7 Ke8 67.Kd3 Kd8 68.Kd4 Rd1+ 69.Ke3 Rf1 70.Rh4 Ke7 71.Ke2 Rf7 72.Rh1 Rg7
73.Kf3 Rf7+ 74.Ke3 Rg7 75.Kd4 Rg2 76.Kd3 Rg3+ 77.Kc4 Re3 78.Kd4 Rg3 79.Rh7+ Kd8
80.Kc4 Kc8 81.Kb4 Kd8  1/2-1/2

[Event "Werfen op"]
[Site "Werfen"]
[Date "1991.??.??"]
[Round "9"]
[White "Klinger, Josef"]
[Black "Ivanov, Igor V"]
[Result "1-0"]
[WhiteElo "2510"]
[BlackElo "2450"]

1.d4 Nf6 2.Nf3 d6 3.Nc3 Bf5 4.Nh4 Bg6 5.Nxg6 hxg6 6.e4 e6 7.Be3 d5 8.Qd3 c6
9.a3 Nbd7 10.O-O-O a6 11.Be2 b5 12.h4 Qa5 13.e5 b4 14.axb4 Bxb4 15.exf6 Nxf6
16.f3 O-O 17.h5 gxh5 18.Kd2 c5 19.Ke1 Rfe8 20.Kf1 cxd4 21.Qxd4 e5 22.Qh4 Re6
23.Nxd5 Nxd5 24.Rxd5 Qxd5 25.Qxb4 e4 26.f4 g6 27.Kf2 Rf6 28.Rd1 Qc6 29.Qc4 Rc8
30.Qxc6 Rfxc6 31.c4 Rb8 32.Bd4 Kh7 33.Bc3 Kh6 34.b4 Rbc8 35.Rd7 f6 36.c5 g5
37.fxg5+ Kxg5 38.Rg7+ Kf5 39.Bxh5  1-0

[Event "Chicago opI"]
[Site "Chicago"]
[Date "1992.??.??"]
[Round "2"]
[White "Lonoff, Marc"]
[Black "Ivanov, Igor V"]
[Result "0-1"]
[WhiteElo "2335"]
[BlackElo "2465"]

1.c4 c5 2.g3 Nf6 3.Bg2 d5 4.cxd5 Nxd5 5.Nc3 Nc7 6.f4 g6 7.Nf3 Bg7 8.O-O O-O
9.d3 Nc6 10.Kh1 Rb8 11.Be3 b6 12.Bg1 Bb7 13.e4 Ne6 14.a3 Ned4 15.Rb1 Nxf3
16.Qxf3 Qd7 17.Ne2 Rfd8 18.Rfd1 a5 19.Rd2 e6 20.Qf1 Nd4 21.b4 cxb4 22.axb4 a4
23.Nxd4 Bxd4 24.Bxd4 Qxd4 25.b5 Rbc8 26.Qg1 Rc3 27.Ra1 a3 28.Rda2 Qxd3 29.Qxb6 Bxe4
30.Rxa3 Rxa3  0-1

[Event "Chicago opI"]
[Site "Chicago"]
[Date "1992.??.??"]
[Round "3"]
[White "Ivanov, Igor V"]
[Black "Colias, Billy"]
[Result "1-0"]
[WhiteElo "2465"]
[BlackElo "2265"]

1.Nf3 Nf6 2.c4 g6 3.Nc3 Bg7 4.e4 d6 5.d4 O-O 6.Be2 e5 7.d5 a5 8.Bg5 h6 9.Bh4 Na6
10.O-O Qe8 11.Ne1 Nc5 12.f3 Nh7 13.Nb5 Qd7 14.Nd3 Nxd3 15.Bxd3 c5 16.a3 b6
17.Bc2 Bf6 18.Bxf6 Nxf6 19.Qd2 g5 20.f4 gxf4 21.g3 Kh7 22.Rxf4 exf4 23.e5+ Kh8
24.exf6 Qg4 25.Rf1 Bf5 26.Rxf4 Qg5 27.Bxf5 Qxf6 28.Bc2  1-0

[Event "Chicago opI"]
[Site "Chicago"]
[Date "1992.??.??"]
[Round "4"]
[White "Soltis, Andrew E"]
[Black "Ivanov, Igor V"]
[Result "0-1"]
[WhiteElo "2420"]
[BlackElo "2465"]

1.e4 c5 2.Nc3 Nc6 3.Nge2 g6 4.d4 cxd4 5.Nxd4 Bg7 6.Nb3 Nf6 7.g3 d6 8.Bg2 Bg4
9.f3 Bd7 10.O-O O-O 11.Kh1 a5 12.a4 Nb4 13.Be3 Rc8 14.Rf2 Be6 15.Nd4 Bc4
16.Rd2 Nd7 17.Ncb5 Nc6 18.Rb1 Nxd4 19.Nxd4 Ba6 20.Nb5 Bxb5 21.axb5 a4 22.f4 Nb6
23.b3 axb3 24.cxb3 Rc3 25.Qg1 Nd7 26.Bd4 Bxd4 27.Qxd4 Qa5 28.e5 Rfc8 29.Bxb7 Rc1+
30.Rd1 Rxb1 31.Rxb1 Rc2 32.exd6 exd6 33.Bc6 Qa2 34.Ra1 Qxb3 35.Rf1 Qe6 36.Qa1 Qe2
37.Qa8+ Kg7 38.Bg2 Qxb5 39.Qa1+ Nf6 40.f5 Qe2 41.Rg1 gxf5 42.h3 Qe5 43.Qa4 Ne4
44.Bf3 Nf2+ 45.Kg2 Ng4+  0-1

[Event "Chicago opI"]
[Site "Chicago"]
[Date "1992.??.??"]
[Round "5"]
[White "Ivanov, Igor V"]
[Black "Panchenko, Alexandar G"]
[Result "1-0"]
[WhiteElo "2465"]
[BlackElo "2470"]

1.d4 Nf6 2.c4 e6 3.Nf3 Bb4+ 4.Nbd2 d5 5.e3 O-O 6.Bd3 c5 7.a3 Bxd2+ 8.Bxd2 cxd4
9.exd4 dxc4 10.Bxc4 h6 11.O-O Nc6 12.Bf4 b6 13.Qd3 Bb7 14.Rad1 Na5 15.b3 Be4
16.Qe3 Bd5 17.Ne5 Rc8 18.Bd3 Nd7 19.Qg3 Nxe5 20.dxe5 Kh8 21.Bb1 Qe7 22.Rd4 Rg8
23.Qh3 f5 24.exf6 Qxf6 25.Qd3 g6 26.Bxh6 Rc7 27.Rf4 Qe5 28.Rh4 Rh7 29.Qh3 Nc6
30.b4 Nd4 31.Be3 Ne2+ 32.Kh1 Rxh4 33.Qxh4+ Qh5 34.Qxh5+ gxh5 35.f3 e5 36.Re1 Nf4
37.Bxf4 exf4 38.h4 Kg7 39.Re5 Bf7 40.Rg5+ Kh8 41.Kh2 Rc8 42.Bg6 Bxg6 43.Rxg6 Rc3
44.Rg5 Rxa3 45.Rxh5+ Kg7 46.Rg5+ Kf6 47.Rg4 Kf5 48.h5 Rc3 49.h6 Rc8 50.b5 Rh8
51.Rh4 Rh7 52.Kh3 Kg5 53.g3 fxg3 54.Kxg3 Kg6 55.Kg4 Kf7 56.Kg5 Kg8 57.Kg6 Rd7
58.Rf4 Rd8 59.Rf7 Kh8 60.f4 Rd6+ 61.Kg5 Rd1 62.Rxa7 Rg1+ 63.Kf5 Rh1 64.Rc7 Rxh6
65.Rc6 Rh1 66.Kg6 Rg1+ 67.Kf6 Kh7 68.f5 Rh1 69.Ke7 Rf1 70.f6 Ra1 71.f7 Ra7+
72.Kf6  1-0

[Event "Chicago opI"]
[Site "Chicago"]
[Date "1992.??.??"]
[Round "8"]
[White "Ivanov, Igor V"]
[Black "Dzindzichashvili, Roman"]
[Result "1/2-1/2"]
[WhiteElo "2465"]
[BlackElo "2560"]

1.e4 c5 2.Nf3 e6 3.Nc3 Nc6 4.d4 cxd4 5.Nxd4 d6 6.Be2 Nf6 7.O-O Be7 8.Be3 O-O
9.Qe1 a6 10.Rd1 Qc7 11.f4 Nxd4  1/2-1/2

[Event "USA-op"]
[Site "Dearborn"]
[Date "1992.??.??"]
[Round "6"]
[White "Ivanov, Igor V"]
[Black "Fedorowicz, John P"]
[Result "1/2-1/2"]
[WhiteElo "2510"]
[BlackElo "2560"]

1.Nf3 Nf6 2.c4 g6 3.Nc3 Bg7 4.e4 d6 5.d4 O-O 6.Be2 e5 7.d5 a5 8.Bg5 h6 9.Bh4 Na6
10.O-O Qe8 11.Ne1 g5 12.Bg3 Nc5 13.Qc2 Nfxe4 14.Nxe4 Nxe4 15.Qxe4 f5 16.Qc2 f4
17.Bd3 fxg3 18.hxg3 g4  1/2-1/2

[Event "USA-op"]
[Site "Dearborn"]
[Date "1992.??.??"]
[Round "7"]
[White "Stone, Raymond"]
[Black "Ivanov, Igor V"]
[Result "0-1"]
[WhiteElo "2355"]
[BlackElo "2510"]

1.d4 Nf6 2.c4 g6 3.Nc3 Bg7 4.e4 d6 5.Nf3 O-O 6.Be2 c5 7.O-O Bg4 8.Be3 Bxf3
9.Bxf3 cxd4 10.Bxd4 Nc6 11.Be3 Rc8 12.b3 Qa5 13.Rc1 Nd7 14.Qd2 Nc5 15.Rfd1 Bxc3
16.Qxc3 Qxc3 17.Rxc3 Ne5 18.Bh6 Rfd8 19.Re1 Ncd3 20.Re3 Nxf3+ 21.Rxf3 Ne5
22.Rg3 f6 23.Bd2 Kf7 24.Rge3 a6 25.a4 h5 26.f3 f5 27.Re1 Nd7 28.exf5 gxf5
29.Rce3 Re8 30.a5 Ne5 31.Bc3 Ng6 32.g3 Rc6 33.Bd4 Rec8 34.Kf2 e5 35.Ba7 Ke6
36.Rd3 Rh8 37.Be3 h4 38.Kg2 Rg8 39.Kf2 h3 40.Red1 Ne7 41.Bc1 Rg6 42.Ba3 Kd7
43.Re3 Re6 44.Rde1 Rc8 45.Rd3 Rf8 46.Red1 Rff6 47.Bb2 e4 48.Re3 Rf7 49.Ke2 Nc6
50.Bc3 Ne5 51.Bxe5 Rxe5 52.Rd5 Ke6 53.Rd4 Rxa5 54.fxe4 fxe4 55.Rdxe4+ Kd7
56.Rf4 Rxf4 57.gxf4 Ra2+ 58.Kf3 Rxh2 59.Kg4 b6 60.Rxh3 Rxh3 61.Kxh3 d5 62.cxd5 a5
63.Kg4 b5 64.f5 a4 65.bxa4 bxa4 66.f6 a3 67.d6 Kxd6  0-1

[Event "USA-op"]
[Site "Dearborn"]
[Date "1992.??.??"]
[Round "8"]
[White "Ivanov, Igor V"]
[Black "Strauss, David J"]
[Result "1/2-1/2"]
[WhiteElo "2510"]
[BlackElo "2395"]

1.d4 d5 2.c4 e6 3.Nf3 Nf6 4.Bg5 dxc4 5.Nc3 c6 6.e3 b5 7.a4 Bb4 8.Be2 Bb7
9.O-O a6 10.Bxf6 gxf6 11.Nd2 Nd7 12.Bf3 Qb6 13.Rc1  1/2-1/2

[Event "USA-op"]
[Site "Dearborn"]
[Date "1992.??.??"]
[Round "9"]
[White "Ivanov, Igor V"]
[Black "Kaidanov, Grigory S"]
[Result "1/2-1/2"]
[WhiteElo "2510"]
[BlackElo "2555"]

1.Nf3 d5 2.d4 Nf6 3.c4 e6 4.Nc3 c6 5.e3 Nbd7 6.Qc2 Bd6 7.Be2 O-O 8.O-O Re8
9.Rd1 Qe7 10.h3 b6 11.e4 Nxe4 12.Nxe4 dxe4 13.Qxe4 Bb7 14.Ne5 Nf6 15.Qh4 c5
16.Bd3 Ne4 17.Qf4 Qf6 18.Re1 Qxf4 19.Bxf4 Nf6 20.dxc5 Bxc5  1/2-1/2

[Event "USA-op"]
[Site "Dearborn"]
[Date "1992.??.??"]
[Round "10"]
[White "Basin, Leonid"]
[Black "Ivanov, Igor V"]
[Result "1/2-1/2"]
[WhiteElo "2425"]
[BlackElo "2510"]

1.d4 Nf6 2.c4 e6 3.Nf3 d5 4.Nc3 Be7 5.Bg5 h6 6.Bh4 O-O 7.e3 a6 8.cxd5 Nxd5
9.Bxe7 Qxe7 10.Rc1 Nxc3 11.Rxc3 c6 12.Bd3 Nd7 13.O-O e5 14.dxe5 Nxe5 15.Nxe5 Qxe5
16.Bb1 f5 17.Qc2  1/2-1/2

[Event "USA-op"]
[Site "Dearborn"]
[Date "1992.??.??"]
[Round "11"]
[White "Ivanov, Igor V"]
[Black "Burnett, Ronald"]
[Result "0-1"]
[WhiteElo "2510"]
[BlackElo "2325"]

1.Nf3 g6 2.e4 Bg7 3.d4 d6 4.c4 Bg4 5.Be2 Nc6 6.Be3 Bxf3 7.Bxf3 e5 8.d5 Nd4
9.Nc3 c5 10.dxc6 bxc6 11.b4 Ne7 12.O-O O-O 13.Rb1 Qc8 14.Bg4 f5 15.exf5 gxf5
16.Bh3 Qe6 17.c5 dxc5 18.bxc5 Rad8 19.Qa4 e4 20.Rb7 Rf7 21.Rd1 Nd5 22.Rxf7 Nxc3
23.Rxg7+ Kf8 24.Bxd4 Nxa4 25.Rxh7 Qf6 26.Bxf5 Rxd4 27.Rb1 Rb4  0-1

[Event "USA-op"]
[Site "Dearborn"]
[Date "1992.??.??"]
[Round "12"]
[White "Feldman, Steven"]
[Black "Ivanov, Igor V"]
[Result "0-1"]
[WhiteElo "2300"]
[BlackElo "2510"]

1.d4 Nf6 2.c4 e6 3.Nc3 Bb4 4.Qc2 O-O 5.Nf3 d5 6.Bg5 h6 7.Bxf6 Qxf6 8.e3 b6
9.cxd5 exd5 10.a3 Bxc3+ 11.Qxc3 Bf5 12.Be2 c5 13.O-O Nd7 14.Rfd1 c4 15.Ne5 Rfd8
16.Bf3 Qe6 17.b3 b5 18.Nxd7 Qxd7 19.Re1 Rac8 20.b4 Qe7 21.Ra2 Rb8 22.Bxd5 Rxd5
23.e4 Bxe4 24.f3 Qd7 25.Rxe4 Rd8 26.a4 a6 27.axb5 axb5 28.Ra5 f5 29.Re5 Rxe5
30.dxe5 Qd1+ 31.Kf2 Rd2+ 32.Kg3 g5 33.Rxb5 Qe1+ 34.Kh3 Qh4+  0-1

[Event "Forli op"]
[Site "Forli"]
[Date "1992.??.??"]
[Round "1"]
[White "Ivanov, Igor V"]
[Black "Mileto, Gabriele"]
[Result "1-0"]
[WhiteElo "2510"]
[BlackElo "2240"]

1.d4 Nf6 2.c4 g6 3.Nc3 Bg7 4.e4 d6 5.Nf3 O-O 6.Be2 e5 7.O-O Nc6 8.d5 Ne7
9.Ne1 Nd7 10.Nd3 f5 11.Bd2 Nf6 12.f3 Kh8 13.Rc1 Neg8 14.exf5 gxf5 15.f4 e4
16.Nf2 a5 17.Be3 Nd7 18.a3 Ngf6 19.b4 b6 20.Nb5 axb4 21.axb4 Rg8 22.Bd4 Ne8
23.Ra1 Rxa1 24.Qxa1 Bxd4 25.Qxd4+ Qf6 26.Ra1 Qxd4 27.Nxd4 Ndf6 28.Nd1 Bd7
29.Ra7 Rf8 30.Ne3 Ng8 31.Ra8 Ne7 32.Rd8  1-0

[Event "Forli op"]
[Site "Forli"]
[Date "1992.??.??"]
[Round "2"]
[White "Fries Nielsen, Jens Ove"]
[Black "Ivanov, Igor V"]
[Result "0-1"]
[WhiteElo "2385"]
[BlackElo "2510"]

1.d4 Nf6 2.c4 g6 3.Nc3 Bg7 4.e4 d6 5.Nf3 O-O 6.Be2 c5 7.d5 Bg4 8.O-O Nbd7
9.Ne1 Bxe2 10.Qxe2 Re8 11.Nc2 a6 12.a4 e6 13.f3 exd5 14.cxd5 Rc8 15.Be3 Ne5
16.a5 Nh5 17.g4 Nf6 18.Kh1 c4 19.Bb6 Qe7 20.Bd4 Nd3 21.Rab1 h5 22.g5 Nd7
23.Bxg7 Kxg7 24.Qe3 N3c5 25.Nd4 Rc7 26.Nce2 Ne5 27.Ng3 Kg8 28.Rg1 Qd8 29.Rbf1 Rce7
30.Qd2 Ned3 31.Ngf5 Re5 32.h4 gxf5 33.Nxf5 Rxf5 34.exf5 Qd7 35.g6 Qxf5 36.gxf7+ Kxf7
37.Qg2 Qf6 38.Qg5 Nf4 39.Qxf6+ Kxf6 40.Re1  0-1

[Event "Forli op"]
[Site "Forli"]
[Date "1992.??.??"]
[Round "4"]
[White "Ivanov, Igor V"]
[Black "Golod, Vitali"]
[Result "0-1"]
[WhiteElo "2510"]
[BlackElo "2410"]

1.d4 Nf6 2.c4 g6 3.Nc3 Bg7 4.e4 d6 5.Nf3 O-O 6.Be2 e5 7.d5 Na6 8.O-O Nc5
9.Qc2 a5 10.Bg5 h6 11.Be3 Ne8 12.Nd2 f5 13.f3 f4 14.Bf2 h5 15.a3 g5 16.b4 Na6
17.Rab1 g4 18.Bd1 Qg5 19.Be1 Rf6 20.Na4 Rg6 21.c5 g3 22.h3 Bxh3 23.gxh3 g2
24.Rf2 Qg3 25.Nf1 gxf1=Q+ 26.Kxf1 Qxh3+ 27.Ke2 axb4 28.axb4 Rg1 29.c6 b5
30.Nb2 Bf6 31.Nd3 Bh4 32.Kd2 Bxf2 33.Bxf2 Qg2 34.Kc3 Rf1 35.Bh4 Qh1 36.Qe2 Rxd1
37.Rxd1 Qxh4 38.Rg1+ Ng7 39.Qg2 Qf6 40.Qh3 Kf8 41.Nf2 Re8 42.Ra1 Nb8 43.Ra7 Qg5
44.Qh1 Qg3 45.Nh3 Nxc6 46.dxc6 Ne6 47.Qf1 Nd4 48.Rxc7 Nxf3 49.Qd3 Qe1+ 50.Kb2 Qxb4+
51.Qb3 Qd2+ 52.Kb1 Qe1+ 53.Kb2 Qe2+ 54.Kc1 Qe3+ 55.Kb2 Qxb3+ 56.Kxb3 Nd4+
57.Kb4 Ra8 58.Ng5 Ra4+ 59.Kc3 Rc4+ 60.Kd3 Rxc6  0-1

[Event "Forli op"]
[Site "Forli"]
[Date "1992.??.??"]
[Round "5"]
[White "Trevisani, Bruno"]
[Black "Ivanov, Igor V"]
[Result "0-1"]
[WhiteElo "2315"]
[BlackElo "2510"]

1.c4 e5 2.Nc3 Nf6 3.Nf3 Nc6 4.Qa4 g6 5.e3 Bg7 6.d4 O-O 7.dxe5 Ng4 8.Be2 Ncxe5
9.Bd2 d6 10.h3 Nxf3+ 11.Bxf3 Ne5 12.Be2 c6 13.O-O Re8 14.Rad1 a6 15.f4 Nd7
16.Qc2 Nc5 17.Bf3 Qb6 18.Kh1 a5 19.b3 a4 20.b4 Qxb4 21.Nd5 Qb2 22.Qxb2 Bxb2
23.Nc7 Bf5 24.Nxa8 Rxa8 25.Bb4 Be6 26.Rf2 a3 27.Rxd6 Na6 28.Rxe6 fxe6 29.Bd6 Kf7
30.e4 Rd8 31.e5 Bd4 32.Rc2 Bc5 33.Rc3 Bxd6 34.exd6 Rxd6 35.Rxa3 Ke7 36.Ra5 Kd7
37.g3 Rd4 38.Be2 Rd2 39.Bf1 Kd6 40.Kg1 Rb2 41.Ra3 Nc5 42.h4 e5 43.Re3 exf4
44.gxf4 Ne6 45.h5 Nxf4 46.hxg6 hxg6 47.Re4 g5 48.a3 Ng6 49.Be2 Ra2 50.a4 Nf4
51.Bf1 c5 52.Re8 g4 53.Rg8 Nh3+ 54.Bxh3 gxh3 55.Rg7 Rg2+  0-1